Tratado de fitotecnia general.
Guardat en:
| Autor principal: | |
|---|---|
| Format: | Desconegut |
| Idioma: | anglès |
| Publicat: |
Madrid, España:
Ediciones Mundi-Prensa,
1988.
|
| Edició: | 2ª edición revisada y ampliada. |
| Matèries: | |
| Etiquetes: |
Afegir etiqueta
Sense etiquetes, Sigues el primer a etiquetar aquest registre!
|
MARC
| LEADER | 00000 a2200000 4500 | ||
|---|---|---|---|
| 003 | CL-VaPUC | ||
| 005 | 20230926140750.0 | ||
| 008 | 220513b1988 ||||| |||| 00| 0 eng d | ||
| 999 | |c 434677 |d 434675 | ||
| 020 | |a 9788484763307 | ||
| 040 | |c Pontificia Universidad Católica de Valparaíso | ||
| 082 | 7 | |a 631.816 URB 1988 |2 22 | |
| 100 | |a Urbano Terrón, Pedro |9 585756 |e autor | ||
| 245 | |a Tratado de fitotecnia general. | ||
| 250 | |a 2ª edición revisada y ampliada. |b Reimpresión. | ||
| 260 | |a Madrid, España: |b Ediciones Mundi-Prensa, |c 1988. | ||
| 300 | |a 895 páginas | ||
| 583 | |k Sebastián Perez |c 20220513 | ||
| 650 | 0 | |a Edafología |9 301239 |x Suelos |x Fertilización | |
| 650 | 0 | |a Agrometeorología |9 333565 | |
| 650 | 0 | |a Cultivos |x Labores y operaciones |9 869155 | |
| 942 | |2 ddc |c BK |n 0 | ||
| 952 | |0 0 |1 0 |2 ddc |4 0 |6 631_816000000000000_URB_1988 |7 0 |8 A |9 583053 |a BIBAGR |b BIBAGR |c GEN |d 2022-05-12 |e 74 |g 67370.00 |i 5651218 |o 631.816 URB 1988 |p 5651218 |r 2025-01-20 |t 2 |v 67370.00 |w 2022-05-12 |y BK |k AGR | ||
| 952 | |0 0 |1 0 |2 ddc |4 0 |6 631_816000000000000_URB_1988 |7 0 |8 A |9 583054 |a BIBAGR |b BIBAGR |c GEN |d 2022-05-12 |e 74 |g 67370.00 |i 5651217 |o 631.816 URB 1988 |p 5651217 |r 2025-01-20 |t 1 |v 67370.00 |w 2022-05-12 |y BK |k AGR | ||